[Event "EUCup 17th"]
[Site "Panormo"]
[Date "2001.09.27"]
[Round "5"]
[White "Iordachescu, Viorel"]
[Black "Mitkov, Nikola"]
[Result "1/2-1/2"]
[WhiteElo "2562"]
[BlackElo "2547"]
[PlyCount "52"]
[EventDate "2001.09.22"]
[Source "ChessBase"]
[SourceDate "2001.10.26"]

1. e4 e5 2. Nf3 Nc6 3. Bb5 Nf6 4. O-O Bc5 5. Nxe5 Nxe4 6. Qe2 Nxe5 7. d4 Be7 8. dxe5 Nc5 9. Rd1 O-O 10. Bc4 Qe8 11. Nc3 Kh8 12. Be3 Ne6 13. Ne4 b6 14. Bd5 Rb8 15. Rd2 f5 16. exf6 gxf6 17. Ng3 Qg6 18. Re1 Bd6 19. Be4 f5 20. Nxf5 Rxf5 21. g4 Bb7 22. Bxf5 Qxf5 23. gxf5 Rg8+ 24. Kf1 Bg2+ 25. Kg1 Bf3+ 26. Kf1 Bg2+ 1/2-1/2

[Event "Foxwoods op"]
[Site "Connecticut"]
[Date "2001.04.14"]
[Round "4"]
[White "Shabalov, Alexander"]
[Black "Finegold, Benjamin"]
[Result "1/2-1/2"]
[WhiteElo "2595"]
[BlackElo "2511"]
[PlyCount "51"]
[EventDate "2001.04.12"]
[Source "ChessBase"]
[SourceDate "2001.05.06"]

1. e4 e5 2. Nf3 Nc6 3. Bb5 Nf6 4. O-O Bc5 5. c3 O-O 6. d4 Bb6 7. Re1 d6 8. Be3 exd4 9. cxd4 d5 10. e5 Ne4 11. Nc3 Bg4 12. Be2 Qd7 13. h3 Bh5 14. g4 Bg6 15. Nh4 f6 16. Nxg6 hxg6 17. exf6 Rxf6 18. Qb3 Nxc3 19. bxc3 Raf8 20. a4 Na5 21. Qc2 c6 22. g5 Qxh3 23. gxf6 Bc7 24. Bd3 Bh2+ 25. Kh1 Bf4+ 26. Kg1 1/2-1/2

[Event "Monarch Assurance 8th"]
[Site "Port Erin"]
[Date "1999.11.13"]
[Round "8"]
[White "Psakhis, Lev"]
[Black "Parker, Jonathan"]
[Result "1/2-1/2"]
[WhiteElo "2581"]
[BlackElo "2523"]
[PlyCount "153"]
[EventDate "1999.11.06"]
[Source "ChessBase"]
[SourceDate "2000.02.01"]

1. e4 e5 2. Nf3 Nc6 3. Bb5 Nf6 4. O-O Bc5 5. c3 O-O 6. d4 Bb6 7. Bg5 h6 8. Bh4 d6 9. Bxc6 bxc6 10. dxe5 dxe5 11. Qa4 Qd6 12. Rd1 Qe6 13. Bxf6 Qxf6 14. Na3 Bg4 15. Rd3 Rfd8 16. Qc2 Rxd3 17. Qxd3 Rd8 18. Qe2 Bxf3 19. Qxf3 Qxf3 20. gxf3 Rd2 21. Nc4 Bxf2+ 22. Kf1 Rc2 23. Rd1 Bh4 24. Rd2 Rc1+ 25. Kg2 Bg5 26. Re2 Ra1 27. a3 f6 28. Na5 Rb1 29. Nxc6 Bc1 30. b4 Bxa3 31. Ra2 Rb3 32. Nxa7 Bb2 33. Nb5 Bxc3 34. Nxc7 Rxb4 35. Nd5 Rb2+ 36. Rxb2 Bxb2 37. h3 Bc1 38. Kf2 Kf7 39. Ke2 Ba3 40. Nb6 Ke6 41. Nc4 Bc5 42. Nd2 Kd7 43. Kd3 Kc6 44. Nf1 g6 45. Nd2 Bf2 46. Nc4 Kc5 47. Na5 Kd6 48. Nc4+ Ke6 49. Ke2 Bd4 50. Kd3 Bc5 51. Ke2 h5 52. Nb2 Kf7 53. Nd3 Bd6 54. Kf2 Kg7 55. Kg2 Kh6 56. Kf1 Kg5 57. Kg2 f5 58. Kf1 fxe4 59. fxe4 Kh4 60. Kg2 g5 61. Ne1 g4 62. Nd3 Bc7 63. Kh2 Bb6 64. Kg2 Bd4 65. Ne1 Be3 66. Nd3 Bf4 67. Ne1 Kg5 68. Nd3 Kg6 69. Ne1 g3 70. Nd3 Kf6 71. Kf3 Ke6 72. Ne1 Kd6 73. Ng2 Kc5 74. Nh4 Kd4 75. Ng6 g2 76. Kxg2 Kxe4 77. Nxe5 1/2-1/2

[Event "Olimpiadi 2008 - open"]
[Site "Dresda GER"]
[Date "2008.11.23"]
[Round "10"]
[White "Rozentalis, E."]
[Black "Godena, M."]
[Result "1/2-1/2"]
[WhiteElo "2577"]
[BlackElo "2517"]
[PlyCount "66"]
[EventDate "2008.11.13"]
[Source "www.chesslib.no"]
[SourceDate "2004.05.04"]

1. e4 e5 2. Nf3 Nc6 3. Bb5 Nf6 4. O-O Bc5 5. d3 Nd4 6. Ba4 Nxf3+ 7. Qxf3 O-O 8. Nc3 c6 9. Bb3 Kh8 10. h3 a5 11. Be3 Bb4 12. a3 Bxc3 13. bxc3 a4 14. Ba2 d6 15. Rfb1 Qa5 16. Bd2 Qc7 17. d4 Qe7 18. Bg5 Ra5 19. Rb6 exd4 20. Bxf6 gxf6 21. cxd4 Rg5 22. Bc4 f5 23. e5 dxe5 24. dxe5 Qxe5 25. Rd1 Rfg8 26. Bf1 Be6 27. Rxb7 Bd5 28. Rxd5 Qxd5 29. Qxd5 cxd5 30. Rxf7 R8g7 31. Rf8+ Rg8 32. Rf7 R8g7 33. Rf8+ Rg8 1/2-1/2

[Event "Ciocaltea mem"]
[Site "Bucharest"]
[Date "2001.03.13"]
[Round "10"]
[White "Fressinet, Laurent"]
[Black "Ionescu, Constantin"]
[Result "1-0"]
[WhiteElo "2581"]
[BlackElo "2504"]
[PlyCount "51"]
[EventDate "2001.03.04"]
[Source "ChessBase"]
[SourceDate "2001.05.17"]

1. e4 e5 2. Nf3 Nc6 3. Bb5 Nf6 4. O-O Bc5 5. Nxe5 Nxe5 6. d4 a6 7. Be2 Be7 8. dxe5 Nxe4 9. c4 O-O 10. Qc2 Nc5 11. Be3 c6 12. Nc3 Qc7 13. f4 a5 14. Rae1 f6 15. Kh1 fxe5 16. Bxc5 Bxc5 17. Bd3 exf4 18. Bxh7+ Kh8 19. Bg6 Qd8 20. Re5 d6 21. Qd1 f3 22. Rxf3 Bg4 23. Rh5+ Kg8 24. Bh7+ Kh8 25. Rxf8+ Qxf8 26. Bf5+ 1-0

[Event "Chicago USA"]
[Site "?"]
[Date "2006.01.09"]
[Round "2"]
[White "Blehm Pawel"]
[Black "Finegold Benjamin"]
[Result "1/2-1/2"]
[WhiteElo "2520"]
[BlackElo "2563"]
[PlyCount "35"]
[EventDate "2006.??.??"]
[Source "www.chesslib.no"]
[SourceDate "2004.05.04"]

1. e4 e5 2. Nf3 Nc6 3. Bb5 Nf6 4. O-O Bc5 5. c3 O-O 6. d4 Bb6 7. Re1 d6 8. a4 a5 9. Bg5 h6 10. Bh4 exd4 11. Bxc6 bxc6 12. Nxd4 g5 13. Bg3 c5 14. Nb5 Bb7 15. Nd2 Re8 16. f3 c4+ 17. Bf2 Bxf2+ 18. Kxf2 1/2-1/2

[Event "EU-chT (Men)"]
[Site "Leon"]
[Date "2001.11.14"]
[Round "8.1"]
[White "Dervishi, Erald"]
[Black "Stefansson, Hannes"]
[Result "0-1"]
[WhiteElo "2501"]
[BlackElo "2575"]
[PlyCount "120"]
[EventDate "2001.11.06"]
[Source "ChessBase"]
[SourceDate "2001.02.01"]

1. e4 e5 2. Nf3 Nc6 3. Bb5 Nf6 4. O-O Bc5 5. c3 O-O 6. d4 Bb6 7. dxe5 Nxe4 8. Qd5 Nc5 9. Bg5 Ne7 10. Qd1 Ne4 11. Bh4 d5 12. Nbd2 Bf5 13. Qe2 Nc5 14. Nd4 Bg6 15. Qg4 c6 16. Be2 Qc7 17. f4 Ne6 18. Bxe7 Qxe7 19. f5 h5 20. Qh3 Nxd4 21. cxd4 Qxe5 22. Bd3 Qxd4+ 23. Kh1 Bh7 24. Rf3 Qg4 25. Qxg4 hxg4 26. Rg3 Rfe8 27. Rxg4 Re3 28. Rg3 Rae8 29. Rf1 Rxg3 30. hxg3 Re3 31. Rf3 g5 32. Nf1 Rxf3 33. gxf3 f6 34. Kg2 Kf8 35. Nh2 Bg8 36. Kh3 c5 37. Kg4 c4 38. Bc2 d4 39. b3 d3 40. Bb1 cxb3 41. axb3 Bxb3 42. Bxd3 Bd4 43. f4 gxf4 44. Kxf4 a5 45. Nf3 Bc3 46. Ke4 a4 47. Nd4 Bxd4 48. Kxd4 a3 49. Kc3 a2 50. Kb2 Bd5 51. Bb5 Ke7 52. Ka1 Kd6 53. Kb2 Kc5 54. Bd7 b5 55. Bc8 b4 56. Bd7 b3 57. Bc8 Be4 58. Be6 Bc2 59. g4 Kb4 60. Ka1 Ka3 0-1

[Event "Haninge"]
[Site "Haninge"]
[Date "1990.??.??"]
[Round "3"]
[White "Hellers, Ferdinand"]
[Black "Van der Wiel, John TH"]
[Result "1/2-1/2"]
[WhiteElo "2525"]
[BlackElo "2550"]
[PlyCount "49"]
[EventDate "1990.05.??"]
[Source "ChessBase"]

1. e4 e5 2. Nf3 Nc6 3. Bb5 Nf6 4. O-O Bc5 5. c3 O-O 6. d4 Bb6 7. Bg5 h6 8. Bh4 d6 9. Bxc6 bxc6 10. dxe5 dxe5 11. Nbd2 Re8 12. Bg3 Nd7 13. b4 Qe7 14. Nc4 f6 15. Nfd2 Qe6 16. Qb3 a5 17. Nxa5 Bxa5 18. bxa5 Nc5 19. Qa3 Nb7 20. Nb3 Qc4 21. Qb4 Qa6 22. f3 Nxa5 23. Nc5 Qc4 24. Rfd1 Qf7 25. Nb3 1/2-1/2

[Event "World Open"]
[Site "Philadelphia, PA USA"]
[Date "1993.??.??"]
[Round "?"]
[White "Benjamin, Joel L"]
[Black "Finegold, Benjamin"]
[Result "1-0"]
[WhiteElo "2585"]
[BlackElo "2490"]
[PlyCount "157"]
[EventDate "1993.??.??"]
[Source "www.chesslib.no"]
[SourceDate "2004.05.04"]

1. e4 e5 2. Nf3 Nc6 3. Bb5 Nf6 4. O-O Bc5 5. Nxe5 Nxe5 6. d4 c6 7. dxe5 Nxe4 8. Bd3 d5 9. exd6 Nf6 10. Bg5 Be6 11. Nc3 Bxd6 12. Qf3 Be7 13. Rfe1 Qb6 14. Bxf6 Bxf6 15. Ne4 Be7 16. Bc4 O-O 17. Bxe6 fxe6 18. Qb3 Qxb3 19. axb3 Rfd8 20. Re2 Kf7 21. Rae1 Re8 22. g3 Rad8 23. Kg2 Rd5 24. Nc3 Rd6 25. Ne4 Rd5 26. Nd2 Bf6 27. c3 a6 28. b4 Re7 29. Ne4 Rd8 30. h4 h6 31. Re3 Rd5 32. Kh3 h5 33. R1e2 Rd1 34. Nc5 Rd6 35. Nd3 g6 36. Nc5 e5 37. Ne4 Rde6 38. Rd2 Rc7 39. Rf3 Kg7 40. Rfd3 Rf7 41. Rd6 Re8 42. R2d3 Rb8 43. Re6 Rd8 44. Rxd8 Bxd8 45. Rxe5 Rd7 46. Kg2 Kf7 47. Kf3 Rd1 48. Nc5 b6 49. Ke2 Ra1 50. Nd3 Bf6 51. Re4 b5 52. Kd2 a5 53. bxa5 Rxa5 54. Ne5+ Bxe5 55. Rxe5 Ra2 56. Kc2 Ra1 57. Kd3 Rd1+ 58. Ke3 b4 59. cxb4 Rb1 60. Rc5 Rxb2 61. Rc4 Kg7 62. Kd4 Rxf2 63. Rxc6 Rb2 64. Kc5 Rb3 65. b5 Rxg3 66. Kb4 Rg4+ 67. Rc4 Rg1 68. b6 Rb1+ 69. Kc5 g5 70. Rb4 Rc1+ 71. Kb5 Rf1 72. b7 Rf8 73. Kc6 gxh4 74. b8=Q Rxb8 75. Rxb8 Kg6 76. Kd5 Kf5 77. Rf8+ Kg4 78. Ke4 Kg3 79. Ke3 1-0

[Event "New York op"]
[Site "New York"]
[Date "1988.??.??"]
[Round "?"]
[White "Zapata, Alonso"]
[Black "Rohde, Michael A"]
[Result "1/2-1/2"]
[WhiteElo "2500"]
[BlackElo "2555"]
[PlyCount "123"]
[EventDate "1988.03.??"]
[Source "ChessBase"]

1. e4 e5 2. Nf3 Nc6 3. Bb5 Nf6 4. O-O Bc5 5. Bxc6 dxc6 6. Nxe5 Nxe4 7. Qe2 Qd5 8. d4 Bxd4 9. Nf3 Be6 10. c4 Qxc4 11. Qxc4 Bxf2+ 12. Rxf2 Bxc4 13. Nc3 Nxf2 14. Kxf2 O-O-O 15. Be3 Rhe8 16. Rc1 Rd3 17. Re1 b6 18. a3 f6 19. h4 Kd7 20. Bf4 Rxe1 21. Nxe1 Rd4 22. g3 Kc8 23. Be3 Rd7 24. b4 h6 25. Kf3 g5 26. Kf2 Kd8 27. Nf3 Rd3 28. Bd4 Ke7 29. hxg5 hxg5 30. Ne4 g4 31. Bxf6+ Ke6 32. Ne5 Rd4 33. Ke3 Rxe4+ 34. Kxe4 Bd5+ 35. Kd4 Kxf6 36. Nxg4+ Ke6 37. Nf2 Kd6 38. Ne4+ Bxe4 39. Kxe4 c5 40. bxc5+ Kxc5 41. Ke5 b5 42. g4 a5 43. g5 b4 44. axb4+ axb4 45. g6 b3 46. g7 b2 47. g8=Q b1=Q 48. Qd5+ Kb6 49. Qd4+ Ka6 50. Qc5 Qb5 51. Kd4 c6 52. Qc4 Kb6 53. Kc3 Qe5+ 54. Kc2 Qf5+ 55. Kc3 Qf3+ 56. Kc2 Qf5+ 57. Kc3 Qe5+ 58. Kc2 Qd6 59. Qb3+ Ka5 60. Qc4 Kb6 61. Qb3+ Ka5 62. Qc4 1/2-1/2

[Event "Chalkidiki"]
[Site "?"]
[Date "2002.09.22"]
[Round "1"]
[White "Luther Thomas"]
[Black "Winants Luc"]
[Result "1/2-1/2"]
[WhiteElo "2551"]
[BlackElo "2504"]
[PlyCount "31"]
[EventDate "2002.??.??"]
[Source "www.chesslib.no"]
[SourceDate "2004.05.04"]

1. e4 e5 2. Nf3 Nc6 3. Bb5 Nf6 4. O-O Bc5 5. c3 O-O 6. d4 Bb6 7. Bg5 d6 8. Qd3 Qe7 9. Nbd2 Nd8 10. dxe5 dxe5 11. Nh4 Ne6 12. Nf5 Qd8 13. Qxd8 Rxd8 14. Bxf6 gxf6 15. Rfd1 Nc5 16. Ne7+ 1/2-1/2

[Event "RUS-ch"]
[Site "Elista"]
[Date "1996.??.??"]
[Round "5"]
[White "Ulibin, Mikhail"]
[Black "Vasiukov, Evgeni"]
[Result "1-0"]
[WhiteElo "2550"]
[BlackElo "2505"]
[PlyCount "99"]
[EventDate "1996.10.15"]
[Source "ChessBase"]

1. e4 e5 2. Nf3 Nc6 3. Bb5 Nf6 4. O-O Bc5 5. Nxe5 Nxe4 6. Nxf7 Kxf7 7. Qh5+ g6 8. Qd5+ Kg7 9. Qxe4 d5 10. Qa4 Nd4 11. c3 Nxb5 12. Qxb5 Bd6 13. d3 Rf8 14. Be3 Qh4 15. Bd4+ Kh6 16. g3 Qh5 17. Nd2 a6 18. Qb3 Bh3 19. Rfe1 Qf5 20. c4 Bf4 21. Qc3 g5 22. Bg7+ Kg6 23. Bxf8 Rxf8 24. Nf3 Bd6 25. Re3 d4 26. Qxd4 Bc5 27. Re6+ Qxe6 28. Ne5+ Kh6 29. Qxc5 Qf5 30. Re1 Re8 31. Qxc7 Re6 32. Re3 g4 33. Qc5 Rf6 34. Re4 Kg7 35. Rf4 Qe6 36. Rxf6 Qxf6 37. Qe3 b5 38. c5 h6 39. c6 Qd6 40. d4 Qd5 41. f3 Qxa2 42. Qc1 gxf3 43. Kf2 Bc8 44. Qc2 Kf8 45. Qd2 Ke7 46. d5 Kd6 47. Nf7+ Kc7 48. Qf4+ Kb6 49. Qd4+ Ka5 50. Nd6 1-0

[Event "op-06"]
[Site "Malaga"]
[Date "2003.02.27"]
[Round "9.5"]
[White "Korneev, Oleg"]
[Black "De la Paz, Frank"]
[Result "1-0"]
[WhiteElo "2613"]
[BlackElo "2441"]
[PlyCount "48"]
[EventDate "2003.02.21"]
[Source "Roberto Alvarez"]
[SourceDate "2003.02.24"]

1. e4 e5 2. Nf3 Nc6 3. Bb5 Nf6 4. O-O Bc5 5. c3 O-O 6. d4 Bb6 7. dxe5 Nxe4 8. Qd5 Nc5 9. Bf4 Ne7 10. Qd1 Ne6 11. Bg3 Nf5 12. Na3 d5 13. exd6 cxd6 14. Bc4 Nxg3 15. hxg3 Nc7 16. Bd5 Bc5 17. Nc4 a5 18. Qd2 Nxd5 19. Qxd5 Be6 20. Qd3 b5 21. Ne3 b4 22. Nd4 bxc3 23. bxc3 Rc8 24. a4 Qf6 1-0

[Event "FRA Team Ch"]
[Site "France"]
[Date "1991.??.??"]
[Round "?"]
[White "Kosten, Anthony C"]
[Black "Marin, Mihail"]
[Result "1-0"]
[WhiteElo "2515"]
[BlackElo "2535"]
[PlyCount "99"]
[EventDate "1991.??.??"]
[Source "www.chesslib.no"]
[SourceDate "2004.05.04"]

1. e4 e5 2. Nf3 Nc6 3. Bb5 Nf6 4. O-O Bc5 5. d3 d6 6. c3 O-O 7. Nbd2 Bd7 8. b4 Bb6 9. Nc4 Ne7 10. Bxd7 Nxd7 11. a4 a5 12. Nxb6 Nxb6 13. Be3 Nec8 14. Qb3 Qe7 15. bxa5 Rxa5 16. Qb4 Ra7 17. a5 c5 18. Qb1 Na8 19. d4 exd4 20. cxd4 b6 21. Rc1 Re8 22. e5 c4 23. Ng5 g6 24. Ne4 Kg7 25. Nf6 Rf8 26. Qe4 h5 27. Qf4 Rh8 28. Rxc4 Qe6 29. Rac1 Ne7 30. d5 Qxe5 31. axb6 Rb7 32. Ne8+ Rxe8 33. Bd4 Nxd5 34. Bxe5+ dxe5 35. Qf3 Naxb6 36. Rc6 Ree7 37. h3 Nf4 38. g3 Nfd5 39. Rb1 Rec7 40. Rd6 Rd7 41. Rbxb6 Nxb6 42. Qf6+ Kh7 43. Rxb6 Rxb6 44. Qxb6 Kg7 45. Qc5 Kf6 46. Qc6+ Ke7 47. Kg2 Rd6 48. Qc7+ Ke6 49. Kf3 Rd7 50. Qc8 1-0

[Event "Santiago"]
[Site "Santiago"]
[Date "1989.??.??"]
[Round "?"]
[White "Milos, Gilberto"]
[Black "Morovic Fernandez, Ivan"]
[Result "1/2-1/2"]
[WhiteElo "2510"]
[BlackElo "2540"]
[PlyCount "51"]
[EventDate "1989.02.??"]
[Source "ChessBase"]

1. e4 e5 2. Nf3 Nc6 3. Bb5 Nf6 4. O-O Bc5 5. Nc3 O-O 6. d3 Nd4 7. Nxd4 Bxd4 8. Ne2 Bb6 9. Ng3 c6 10. Ba4 d5 11. h3 dxe4 12. dxe4 Qxd1 13. Rxd1 g6 14. Bh6 Re8 15. Bb3 Nd7 16. a4 Nc5 17. Bc4 a5 18. Ra3 Bc7 19. Rf3 Be6 20. Bxe6 Rxe6 21. Be3 Rd6 22. Rxd6 Bxd6 23. Bxc5 Bxc5 24. Rd3 Kf8 25. Kf1 Ke7 26. Ke2 1/2-1/2

[Event "Yerevan ol (Men)"]
[Site "Yerevan"]
[Date "1996.??.??"]
[Round "11"]
[White "Kaminski, Marcin"]
[Black "Ionescu, Constantin"]
[Result "1/2-1/2"]
[WhiteElo "2525"]
[BlackElo "2520"]
[PlyCount "77"]
[EventDate "1996.09.??"]
[Source "www.chesslib.no"]
[SourceDate "2004.05.04"]

1. e4 e5 2. Nf3 Nc6 3. Bb5 Nf6 4. O-O Bc5 5. c3 O-O 6. d4 Bb6 7. Bg5 h6 8. Bh4 d6 9. a4 a5 10. Re1 Bg4 11. Bxc6 bxc6 12. dxe5 dxe5 13. Nbd2 g5 14. Bg3 Nd7 15. Nc4 f6 16. Ne3 Bxe3 17. Rxe3 Nc5 18. Qc2 Qe7 19. Nd2 Be6 20. f3 Rfb8 21. Bf2 Nb3 22. Nxb3 Bxb3 23. Qe2 Qe6 24. Qd2 Rd8 25. Rd3 Rxd3 26. Qxd3 Qd6 27. Qe3 Bxa4 28. c4 Bc2 29. c5 Qd3 30. Qxd3 Bxd3 31. Ra3 Bc2 32. b3 Rb8 33. Be1 Bxb3 34. Bxa5 Bc4 35. Bxc7 Rb1+ 36. Kf2 Rb2+ 37. Kg1 Rb1+ 38. Kf2 Rb2+ 39. Kg1 1/2-1/2

[Event "Sarajevo"]
[Site "Sarajevo"]
[Date "1985.??.??"]
[Round "10"]
[White "Marjanovic, Slavoljub"]
[Black "Kurajica, Bojan"]
[Result "1/2-1/2"]
[WhiteElo "2505"]
[BlackElo "2535"]
[PlyCount "122"]
[EventDate "1985.03.??"]
[Source "ChessBase"]

1. e4 e5 2. Nf3 Nc6 3. Bb5 Nf6 4. O-O Be7 5. d4 exd4 6. e5 Ne4 7. Nxd4 O-O 8. Nf5 d5 9. Nxe7+ Nxe7 10. Nd2 c6 11. Nxe4 dxe4 12. Bc4 Ng6 13. Qe2 Qd4 14. Re1 b5 15. Bb3 Re8 16. a4 Qxe5 17. Bd2 Bd7 18. Qe3 Nh4 19. axb5 cxb5 20. Bc3 Qf5 21. Qg3 Ng6 22. Ra6 Bc8 23. Rd6 Be6 24. Bxe6 Rxe6 25. Rxe6 Qxe6 26. Qe3 f5 27. f3 a5 28. Qd4 Qf7 29. fxe4 fxe4 30. Qxe4 Rf8 31. Qe6 Qxe6 32. Rxe6 b4 33. Bd4 Rd8 34. c3 Rd5 35. g3 Kf7 36. Rb6 Ne7 37. Rb7 g5 38. Kf2 g4 39. Ke3 bxc3 40. Bxc3 Ke6 41. Kf4 Rh5 42. Kxg4 Rxh2 43. Bxa5 h5+ 44. Kf3 Nd5 45. Bd8 Rd2 46. Bh4 Kf5 47. Rb8 Rd3+ 48. Ke2 Rd4 49. Rf8+ Ke4 50. Rf2 Rd3 51. Rh2 Rb3 52. Kd1 Ne3+ 53. Kc1 Nf5 54. Kc2 Rf3 55. Bd8 Nxg3 56. Bc7 Kd5 57. Rh3 Kc6 58. Bb8 Kb7 59. Be5 Rf5 60. Bxg3 Rf3 61. Rxh5 Rxg3 1/2-1/2

[Event "TCh-BEL 2002-3"]
[Site "Belgium"]
[Date "2003.02.09"]
[Round "8"]
[White "Goloshchapov, Alexander"]
[Black "Winants, Luc"]
[Result "1-0"]
[WhiteElo "2536"]
[BlackElo "2504"]
[PlyCount "105"]
[EventDate "2002.10.06"]
[Source "Roberto Alvarez"]
[SourceDate "2003.02.24"]

1. e4 e5 2. Nf3 Nc6 3. Bb5 Nf6 4. O-O Bc5 5. Nxe5 Nxe5 6. d4 c6 7. Be2 Bb6 8. dxe5 Nxe4 9. Nc3 d5 10. exd6 Nxd6 11. Bf4 Nf5 12. Qxd8+ Bxd8 13. Bc4 O-O 14. Rad1 Bf6 15. a4 Bxc3 16. bxc3 Be6 17. Bxe6 fxe6 18. Rd7 Rf7 19. Rfd1 Re8 20. Bg5 h6 21. Bd8 g5 22. g4 Nh4 23. Rxf7 Kxf7 24. Rd7+ Kg6 25. Be7 b6 26. Rxa7 Nf3+ 27. Kg2 Ne5 28. Kg3 c5 29. Bd6 Nc4 30. Bc7 Rf8 31. Ra6 e5 32. a5 Nxa5 33. Rxb6+ Kf7 34. Rb5 Nc4 35. Rxc5 Nd2 36. Rxe5 Rc8 37. Ba5 Nc4 38. Rf5+ Kg6 39. Bb4 Nd2 40. Re5 Rc4 41. f3 Rf4 42. Re6+ Kg7 43. Re7+ Kg6 44. Re6+ Kg7 45. Re2 Nxf3 46. Rf2 Ng1 47. Rxf4 Ne2+ 48. Kf3 Nxf4 49. h4 Ng6 50. h5 Ne5+ 51. Kg3 Kf7 52. Bc5 Nc4 53. Bd4 1-0

[Event "Frunze"]
[Site "Frunze"]
[Date "1983.??.??"]
[Round "?"]
[White "Tseshkovsky, Vitaly"]
[Black "Vasiukov, Evgeni"]
[Result "1/2-1/2"]
[WhiteElo "2560"]
[BlackElo "2480"]
[PlyCount "88"]
[EventDate "1983.05.??"]
[Source "ChessBase"]

1. e4 e5 2. Nf3 Nc6 3. Bb5 Nf6 4. O-O Bc5 5. Nxe5 Nxe5 6. d4 c6 7. dxe5 Nxe4 8. Bd3 d5 9. exd6 Nf6 10. Qe2+ Be6 11. Bg5 Qxd6 12. Bxf6 gxf6 13. Nd2 O-O-O 14. Ne4 Qe5 15. Nxc5 Qxc5 16. Qe3 Rd5 17. Qxc5 Rxc5 18. Rfe1 a5 19. Re3 Kd7 20. a3 Re5 21. Rae1 Kd6 22. f4 Rxe3 23. Rxe3 b5 24. Kf2 b4 25. axb4 axb4 26. f5 Bd5 27. Rh3 c5 28. b3 h6 29. g3 Ke5 30. Ke3 Bg2 31. Rh4 Bd5 32. Bc4 Bxc4 33. Rxc4 Rc8 34. Rf4 Rc7 35. Ke2 Rc8 36. Ke3 Rc7 37. g4 Rc8 38. Re4+ Kd6 39. Kd3 Rh8 40. Re3 Rg8 41. Rg3 Kd5 42. Ke3 Re8+ 43. Kf2 c4 44. Re3 Rc8 1/2-1/2

[Event "New Delhi"]
[Site "?"]
[Date "1990.??.??"]
[Round "?"]
[White "Prasad, D."]
[Black "Anand, V."]
[Result "1-0"]
[WhiteElo "2425"]
[BlackElo "2610"]
[PlyCount "63"]
[EventDate "1990.??.??"]
[Source "ChessBase"]
[SourceDate "1990.07.01"]

1. e4 e5 2. Nf3 Nc6 3. Bb5 Nf6 4. O-O Bc5 5. c3 O-O 6. d4 Bb6 7. dxe5 Nxe4 8. Qd5 Nc5 9. Bg5 Qe8 10. Na3 Ne6 11. Bh4 a6 12. Ba4 Nf4 13. Qd2 Ng6 14. Bg3 Bc5 15. b4 Ba7 16. Rfe1 Nd8 17. h4 Ne6 18. h5 Ne7 19. h6 g6 20. Ng5 Nf5 21. Ne4 Kh8 22. Nf6 Qd8 23. Bh2 b5 24. Bc2 Bb7 25. Rad1 Bc6 26. Be4 Bxe4 27. Rxe4 d5 28. Rf4 Nxf4 29. Qxf4 c6 30. g4 Ne7 31. Nd7 f5 32. e6 1-0

[Event "Sao Paulo Mario Covas 2nd"]
[Site "Sao Paulo"]
[Date "2002.02.26"]
[Round "7"]
[White "Zarnicki, Pablo"]
[Black "Lima, Darcy"]
[Result "1/2-1/2"]
[WhiteElo "2493"]
[BlackElo "2540"]
[PlyCount "53"]
[EventDate "2002.02.20"]
[Source "ChessBase"]
[SourceDate "2002.03.21"]

1. e4 e5 2. Nf3 Nc6 3. Bb5 Nf6 4. O-O Bc5 5. c3 O-O 6. d4 Bb6 7. Bg5 h6 8. Bh4 d6 9. Qd3 Qe7 10. Re1 Nb8 11. Nbd2 c6 12. Ba4 Nbd7 13. Rad1 Re8 14. Nc4 Bc7 15. Bb3 Qf8 16. Qc2 Nh5 17. h3 Nf4 18. Bg3 Ng6 19. Ne3 Nf6 20. Nf5 Be6 21. Bxe6 Rxe6 22. Qb3 Rb8 23. Nd2 Qc8 24. dxe5 dxe5 25. Qa3 Re8 26. Nd6 Bxd6 27. Qxd6 1/2-1/2

[Event "Paris"]
[Site "Paris FRA"]
[Date "1986.??.??"]
[Round "?"]
[White "Popovic, Petar"]
[Black "Flear, Glenn C"]
[Result "1/2-1/2"]
[WhiteElo "2545"]
[BlackElo "2485"]
[PlyCount "66"]
[EventDate "1986.12.??"]
[Source "www.chesslib.no"]
[SourceDate "2004.05.04"]

1. e4 e5 2. Nf3 Nc6 3. Bb5 Nf6 4. O-O Bc5 5. Nxe5 Nxe5 6. d4 a6 7. Be2 Ba7 8. dxe5 Nxe4 9. Bf3 Ng5 10. Bd5 O-O 11. Qh5 Ne6 12. Nc3 d6 13. exd6 Qxd6 14. Ne4 Qe7 15. Re1 c6 16. Bb3 Qc7 17. Be3 Bxe3 18. Rxe3 Nf4 19. Qg5 Be6 20. Rae1 h6 21. Qg3 Bxb3 22. axb3 Ne6 23. Nf6+ Kh8 24. Qxc7 Nxc7 25. Re7 Rac8 26. Nd7 Rfe8 27. Kf1 Ne6 28. Rxe8+ Rxe8 29. Nc5 Re7 30. f4 g6 31. g4 b6 32. Nd3 Rc7 33. c3 Kg7 1/2-1/2

[Event "EU-ch 2nd"]
[Site "Ohrid"]
[Date "2001.06.12"]
[Round "11"]
[White "Azarov, Sergei"]
[Black "Mitkov, Nikola"]
[Result "1-0"]
[WhiteElo "2452"]
[BlackElo "2578"]
[PlyCount "91"]
[EventDate "2001.06.01"]
[Source "ChessBase"]
[SourceDate "2001.09.13"]

1. e4 e5 2. Nf3 Nc6 3. Bb5 Nf6 4. O-O Bc5 5. c3 O-O 6. d4 Bb6 7. dxe5 Nxe4 8. Qd5 Nc5 9. Bg5 Ne7 10. Qd1 h6 11. Bh4 Qe8 12. b4 Ne6 13. Bd3 Nf4 14. Na3 Neg6 15. Bg3 Qe6 16. Re1 a6 17. Nc4 Ba7 18. Ne3 Nxd3 19. Qxd3 Ne7 20. Nd4 Qg6 21. Qxg6 fxg6 22. a4 Bb8 23. Rad1 a5 24. b5 Ba7 25. c4 c6 26. Nb3 Nf5 27. Nxf5 gxf5 28. Bf4 Re8 29. Be3 Bxe3 30. Rxe3 b6 31. Nd4 f4 32. Ree1 cxb5 33. cxb5 d6 34. exd6 Bd7 35. Nc6 Kf8 36. f3 Rac8 37. Ne5 Red8 38. Rc1 Be6 39. Rxc8 Rxc8 40. d7 Ra8 41. Rd1 Rd8 42. Rd6 Ke7 43. Rxb6 Kf6 44. Nd3 Ke7 45. Nc5 Bd5 46. Rc6 1-0

[Event "XXIV ECC"]
[Site "Kallithea GRE"]
[Date "2008.10.17"]
[Round "1"]
[White "Najer, E."]
[Black "Bosman, M."]
[Result "1-0"]
[WhiteElo "2682"]
[BlackElo "2346"]
[PlyCount "143"]
[EventDate "2008.10.17"]
[Source "www.chesslib.no"]
[SourceDate "2004.05.04"]

1. e4 e5 2. Nf3 Nc6 3. Bb5 Nf6 4. O-O Bc5 5. c3 O-O 6. d4 Bb6 7. dxe5 Nxe4 8. Qd5 Nc5 9. Bf4 Ne7 10. Qd2 Ne4 11. Qc2 d5 12. exd6 Nxd6 13. Bd3 Ng6 14. Bg3 Bg4 15. Nbd2 c6 16. Ne5 Be6 17. Rad1 Qe7 18. Ndf3 Bc7 19. Rfe1 Rfe8 20. Nd4 Qf6 21. Re3 Rad8 22. Rf3 Qe7 23. Nexc6 bxc6 24. Nxc6 Qf8 25. Nxd8 Rxd8 26. h3 Bb6 27. b3 Nb7 28. Bf5 Bxf5 29. Rxf5 Qe7 30. Rfd5 Nf8 31. b4 Rc8 32. a3 Bc7 33. Kh2 Bxg3+ 34. fxg3 Qc7 35. Qf2 a5 36. Qa7 axb4 37. Rb5 Nc5 38. Qxc7 Rxc7 39. cxb4 Ncd7 40. a4 f6 41. a5 Ra7 42. g4 Kf7 43. g5 Ne6 44. gxf6 Nxf6 45. Re5 Nc7 46. Rd8 Rb7 47. b5 Nxb5 48. a6 Ra7 49. Rxb5 Rxa6 50. Rb7+ Kg6 51. Rd3 Kh6 52. Rg3 g6 53. Rgb3 Ra8 54. R3b6 Rf8 55. Ra7 g5 56. Rbb7 Rg8 57. Kg1 Kg6 58. Kf2 h5 59. Rb6 h4 60. Raa6 Rf8 61. Ke3 Kf5 62. Ra5+ Kg6 63. Kd4 Re8 64. Rbb5 Rd8+ 65. Ke3 Nh7 66. Ra6+ Nf6 67. Rbb6 Rf8 68. Kd4 Kf5 69. Rd6 Rf7 70. Ra1 Nh5 71. Rd5+ Kg6 72. Raa5 1-0